Interpretación de las normas y derecho penal /

Guardado en:
Autor Principal: Alonso, Juan Pablo
Otros Autores: Bulygin, Eugenio, (prol.), Virgolini, Julio E. S., (prol.)
Formato: Desconocido
Idioma:Spanish
Publicado: Buenos Aires : Del Puerto, 2006
Edición:1a. ed.
Series:Colección Tesis Doctoral 4
Materias:
Etiquetas: Agregar Etiqueta
Sin Etiquetas, Sea el primero en etiquetar este registro!
LEADER 00786nac a22002175a 4500
001 DER.der001661
008 180615s2006####ag#||||||||||||||#||spa||
005 20250714163329.0
245 1 0 |a Interpretación de las normas y derecho penal /  |c Juan Pablo Alonso ; con prólogo de Eugenio Bulygin y Julio E. S. Virgolini. 
250 |a 1a. ed. 
260 |a Buenos Aires :  |b Del Puerto,  |c 2006 
300 |a 337 p. 
440 0 |a Colección Tesis Doctoral  |v 4 
020 |a 9879120809 
100 1 |a Alonso, Juan Pablo 
700 1 |a Bulygin, Eugenio,  |e prol. 
700 1 |a Virgolini, Julio E. S.,  |e prol. 
650 7 |a FILOSOFIA DEL DERECHO 
859 |a DERECHO  |b BIB. DERECHO  |h 340.1  |i ALO  |p 003783 
859 |a DERECHO  |b BIB. DERECHO  |h 340.1  |i ALO  |p 005246  |t 1 
859 |a DERECHO  |b BIB. DERECHO  |h 340.1  |i ALO  |p 005251  |t 2